000
00319nam a2200109Ia 4500
008
171211s9999 xx 000 0 und d
245
_a
Street Karate: A Complete Course in Self-Defense
245
_c
John McSweeney
260
_c
1998
650
_x
Martial Arts
856
_u
http://down.ebook777.com/057/9780873649667.pdf
999
_c
348195
_d
348195